Loading...
| Philosophy | 0 | 7 | 0 | 1 | 70 | 18 | 66.43 | 5 | 7 | 0.00 | 0.00 |
| Literature - European | 0 | 5 | 0 | 0 | 50 | 37 | 76.80 | 1 | 5 | 0.00 | 0.00 |
| History - American | 0 | 4 | 0 | 1 | 40 | 67 | 112.25 | 2 | 4 | 0.00 | 0.00 |
| Literature - American | 0 | 4 | 2 | 1 | 30 | 37 | 86.25 | 2 | 4 | 0.00 | 0.00 |
| Literature - British | 0 | 3 | 1 | 2 | 25 | 73 | 114.33 | 0 | 3 | 0.00 | 0.00 |
| Fine Arts - Other | 0 | 2 | 0 | 0 | 20 | 47 | 92.50 | 1 | 2 | 0.00 | 0.00 |
| History - Other | 0 | 2 | 0 | 1 | 20 | 49 | 86.00 | 2 | 2 | 0.00 | 0.00 |
| Literature - World | 0 | 3 | 2 | 0 | 20 | 70 | 92.67 | 2 | 3 | 0.00 | 0.00 |
| Social Science | 0 | 2 | 1 | 0 | 15 | 97 | 97.50 | 0 | 2 | 0.00 | 0.00 |
| Fine Arts - Painting and Sculpture | 0 | 2 | 1 | 0 | 15 | 54 | 54.50 | 1 | 2 | 0.00 | 0.00 |
| Fine Arts - Classical Music | 0 | 1 | 0 | 0 | 10 | 130 | 130.00 | 0 | 1 | 0.00 | 0.00 |
| Mythology | 0 | 1 | 0 | 0 | 10 | 131 | 131.00 | 0 | 1 | 0.00 | 0.00 |
| History - European | 0 | 2 | 2 | 1 | 10 | 72 | 74.50 | 1 | 2 | 0.00 | 0.00 |
| Religion | 0 | 1 | 0 | 0 | 10 | 110 | 110.00 | 0 | 1 | 0.00 | 0.00 |
| Science - Biology | 0 | 1 | 0 | 0 | 10 | 50 | 50.00 | 1 | 1 | 0.00 | 0.00 |
| History - World | 0 | 2 | 2 | 1 | 10 | 78 | 114.00 | 0 | 2 | 0.00 | 0.00 |
| Science - Physics | 0 | 1 | 1 | 0 | 5 | 106 | 106.00 | 0 | 1 | 0.00 | 0.00 |
| Science - Other | 0 | 1 | 2 | 1 | 0 | 123 | 123.00 | 0 | 1 | 0.00 | 0.00 |
| Pop Culture | 0 | 0 | 1 | 0 | -5 | 0.00 | 0 | 0 | 0.00 | 0.00 |